Eastern Utah Libraries Catalog: Duchesne, Heber, Roosevelt, & Vernal

Home fires, season 2 / (Record no. 222286)

MARC details
000 -LEADER
fixed length control field 03920cgm a2200889Mi 4500
001 - CONTROL NUMBER
control field ocn980515768
003 - CONTROL NUMBER IDENTIFIER
control field OCoLC
005 - DATE AND TIME OF LATEST TRANSACTION
control field 20260206100837.0
007 - PHYSICAL DESCRIPTION FIXED FIELD--GENERAL INFORMATION
fixed length control field vd cvaizs
008 - FIXED-LENGTH DATA ELEMENTS--GENERAL INFORMATION
fixed length control field 160927s2016 vau360 e vleng d
020 ## - INTERNATIONAL STANDARD BOOK NUMBER
International Standard Book Number 9781627897686
020 ## - INTERNATIONAL STANDARD BOOK NUMBER
International Standard Book Number 1627897682
024 1# - OTHER STANDARD IDENTIFIER
Standard number or code 841887029056
028 42 - PUBLISHER NUMBER
Publisher number 11664799
035 ## - SYSTEM CONTROL NUMBER
System control number (OCoLC)980515768
037 ## - SOURCE OF ACQUISITION
Stock number 11664799
040 ## - CATALOGING SOURCE
Original cataloging agency B@L
Language of cataloging eng
Description conventions rda
Transcribing agency B@L
Modifying agency OCLCO
-- HQD
-- OCLCF
-- UINTA
041 1# - LANGUAGE CODE
Language code of text/sound track or separate title eng
Language code of original and/or intermediate translations of text eng
043 ## - GEOGRAPHIC AREA CODE
Geographic area code e-uk---
049 ## - LOCAL HOLDINGS (OCLC)
Holding library UCLB
050 #4 - LIBRARY OF CONGRESS CALL NUMBER
Classification number PN1992.77
Item number .H66 2016
082 04 - DEWEY DECIMAL CLASSIFICATION NUMBER
Classification number 791.45/75
Edition number 23
092 ## - LOCALLY ASSIGNED DEWEY CALL NUMBER (OCLC)
Item number DVD
245 00 - TITLE STATEMENT
Title Home fires, season 2 /
250 ## - EDITION STATEMENT
Edition statement Full UK-length edition.
250 ## - EDITION STATEMENT
Edition statement Widescreen.
264 #1 - Production, Publication, Distribution, Manufacture, and Copyright Notice.
Place of production, publication, distribution, manufacture [Virginia] :
Name of producer, publisher, distributor, manufacturer PBS Distribution, creator and lead writer, Simon Block ; producer, Louise Sutton ; directors, Robert Quinn, John Hayes.
Date of production, publication, distribution, manufacture, or copyr 2016.
300 ## - PHYSICAL DESCRIPTION
Extent 2 videodiscs (approximately 360 min.) :
Other physical details sound, color ;
Dimensions 4 3/4 in.
336 ## - Content Type
Content type term two-dimensional moving image
337 ## - Media type
Media type term video
338 ## - Carrier type
Carrier type term videodisc
340 ## - PHYSICAL MEDIUM
Dimensions 4 3/4 in.
500 ## - GENERAL NOTE
General note Street Smart: 4/18/17.
511 1# - PARTICIPANT OR PERFORMER NOTE
Participant or performer note Samantha Bond, Francesca Annis, Claire Calbraith, Ed Stoppard, Claire Rushbrook.
520 ## - SUMMARY, ETC.
Summary, etc Great Paxford's inspirational band of women return for more incredible stories from the home front as they deal with imminent threat during the Battle of Britain. As the nation finds itself increasingly beleaguered, relationships, friendships, and loyalties within the community will be tested as never before. The women find they must heighten their efforts to boost morale amidst the chaos and uncertainty enveloping the village.
521 8# - TARGET AUDIENCE NOTE
Target audience note Closed-captioned.
546 ## - LANGUAGE NOTE
Language note Subtitles for the deaf and hard of hearing (SDH).
610 20 - SUBJECT ADDED ENTRY--CORPORATE NAME
Corporate name or jurisdiction name as entry element National Federation of Women's Institutes
Form subdivision Drama.
9 (RLIN) 6560575
610 27 - SUBJECT ADDED ENTRY--CORPORATE NAME
Corporate name or jurisdiction name as entry element National Federation of Women's Institutes.
Source of heading or term fast
611 27 - SUBJECT ADDED ENTRY--MEETING NAME
Meeting name or jurisdiction name as entry element World War (1939-1945)
Source of heading or term fast
9 (RLIN) 5675278
648 #7 - SUBJECT ADDED ENTRY--CHRONOLOGICAL TERM
Chronological term 1939-1945
Source of heading or term fast
9 (RLIN) 5678715
650 #0 - SUBJECT ADDED ENTRY--TOPICAL TERM
Topical term or geographic name as entry element World War, 1939-1945
General subdivision Women
Geographic subdivision Great Britain
Form subdivision Drama.
9 (RLIN) 6560576
650 #0 - SUBJECT ADDED ENTRY--TOPICAL TERM
Topical term or geographic name as entry element Rural women
Geographic subdivision Great Britain
General subdivision Social conditions
Form subdivision Drama.
9 (RLIN) 6560571
650 #0 - SUBJECT ADDED ENTRY--TOPICAL TERM
Topical term or geographic name as entry element Women in war
Geographic subdivision Great Britain
Form subdivision Drama.
9 (RLIN) 6560572
650 #0 - SUBJECT ADDED ENTRY--TOPICAL TERM
Topical term or geographic name as entry element Women
General subdivision Family relationships
Form subdivision Drama.
9 (RLIN) 6560577
650 #0 - SUBJECT ADDED ENTRY--TOPICAL TERM
Topical term or geographic name as entry element Video recordings for the hearing impaired.
650 #4 - SUBJECT ADDED ENTRY--TOPICAL TERM
Topical term or geographic name as entry element Television Series.
650 #7 - SUBJECT ADDED ENTRY--TOPICAL TERM
Topical term or geographic name as entry element Rural women
General subdivision Social conditions.
Source of heading or term fast
9 (RLIN) 6384286
650 #7 - SUBJECT ADDED ENTRY--TOPICAL TERM
Topical term or geographic name as entry element Video recordings for the hearing impaired.
Source of heading or term fast
650 #7 - SUBJECT ADDED ENTRY--TOPICAL TERM
Topical term or geographic name as entry element Women.
Source of heading or term fast
650 #7 - SUBJECT ADDED ENTRY--TOPICAL TERM
Topical term or geographic name as entry element Women
General subdivision Family relationships.
Source of heading or term fast
9 (RLIN) 6406884
650 #7 - SUBJECT ADDED ENTRY--TOPICAL TERM
Topical term or geographic name as entry element Women in war.
Source of heading or term fast
651 #7 - SUBJECT ADDED ENTRY--GEOGRAPHIC NAME
Geographic name Great Britain.
Source of heading or term fast
655 #7 - INDEX TERM--GENRE/FORM
Genre/form data or focus term Television melodramas.
Source of term lcgft
655 #7 - INDEX TERM--GENRE/FORM
Genre/form data or focus term Historical television programs.
Source of term lcgft
655 #7 - INDEX TERM--GENRE/FORM
Genre/form data or focus term Fiction television programs.
Source of term lcgft
9 (RLIN) 5673656
655 #7 - INDEX TERM--GENRE/FORM
Genre/form data or focus term Television programs.
Source of term lcgft
655 #7 - INDEX TERM--GENRE/FORM
Genre/form data or focus term Television series.
Source of term lcgft
655 #7 - INDEX TERM--GENRE/FORM
Genre/form data or focus term Drama.
Source of term fast
655 #7 - INDEX TERM--GENRE/FORM
Genre/form data or focus term Fiction television programs.
Source of term fast
9 (RLIN) 5673656
655 #7 - INDEX TERM--GENRE/FORM
Genre/form data or focus term Historical television programs.
Source of term fast
655 #7 - INDEX TERM--GENRE/FORM
Genre/form data or focus term Television melodramas.
Source of term fast
655 #7 - INDEX TERM--GENRE/FORM
Genre/form data or focus term Television programs.
Source of term fast
655 #7 - INDEX TERM--GENRE/FORM
Genre/form data or focus term Television series.
Source of term fast
700 1# - ADDED ENTRY--PERSONAL NAME
Personal name Block, Simon,
Relator term creator,
-- screenwriter.
9 (RLIN) 5988261
700 1# - ADDED ENTRY--PERSONAL NAME
Personal name Sutton, Louise,
Relator term television producer.
9 (RLIN) 5988265
700 1# - ADDED ENTRY--PERSONAL NAME
Personal name Quinn, Robert
Titles and other words associated with a name (Television director),
Relator term television director.
9 (RLIN) 6560578
700 1# - ADDED ENTRY--PERSONAL NAME
Personal name Hayes, John
Titles and other words associated with a name (Television director),
Relator term television director.
9 (RLIN) 5988264
700 1# - ADDED ENTRY--PERSONAL NAME
Personal name Bond, Samantha,
Dates associated with a name 1962-
Relator term actor.
9 (RLIN) 68301
700 1# - ADDED ENTRY--PERSONAL NAME
Personal name Annis, Francesca,
Dates associated with a name 1945-
Relator term actor.
9 (RLIN) 5988266
700 1# - ADDED ENTRY--PERSONAL NAME
Personal name Calbraith, Clare,
Dates associated with a name 1974-
Relator term actor.
9 (RLIN) 5988269
700 1# - ADDED ENTRY--PERSONAL NAME
Personal name Stoppard, Ed,
Relator term actor.
9 (RLIN) 69455
700 1# - ADDED ENTRY--PERSONAL NAME
Personal name Rushbrook, Claire,
Relator term actor.
9 (RLIN) 5988274
710 2# - ADDED ENTRY--CORPORATE NAME
Corporate name or jurisdiction name as entry element PBS Distribution (Firm),
Relator term publisher.
9 (RLIN) 5675827
730 0# - ADDED ENTRY--UNIFORM TITLE
Uniform title Home fires (Television program).
Number of part/section of a work Season 2.
9 (RLIN) 6560579
942 ## - ADDED ENTRY ELEMENTS (KOHA)
Source of classification or shelving scheme Dewey Decimal Classification
Koha item type DVD
Holdings
Withdrawn status Lost status Source of classification or shelving scheme Materials specified (bound volume or other part) Damaged status Not for loan Collection code Home library Current library Shelving location Date acquired Source of acquisition Cost, normal purchase price Total Checkouts Total Renewals Full call number Barcode Date last seen Date checked out Cost, replacement price Price effective from Koha item type
    Dewey Decimal Classification .CIRCNOTE. 2 discs     Television Series Wasatch County Library Wasatch County Library Audio Visual Area 11/13/2018 Amazon 17.52 11 8 TV Series Home Fires #2 34301001569070 02/05/2026 02/03/2026 17.52 03/20/2020 DVD Series
This project was made possible through a grant from the Institute of Museum and Library Service administered by the Utah State Library Division.

Wasatch County Library

  • 465 East 1200 South, Heber City, Utah 84032
  • Phone 435-654-1511 | Fax 435-654-6456

Hours

  • Monday - Friday 9:30 AM - 8:00 PM
  • Saturday 9:30 AM - 1:30 PM
  • Closed Sundays and Holidays